| 000 | 00723cam a2200241 a 4500 | ||
|---|---|---|---|
| 020 | _a9781597180504 (pbk.) | ||
| 020 | _a9781597180504 (pbk.) | ||
| 040 | _cBTCTA | ||
| 082 | _aDAT STA 2009 C279 Or. | ||
| 245 | 0 | 0 | _aGetting started with Stata for Windows. |
| 246 | 1 | 4 |
_aStata : _brelease 11 : getting started with Stata for Windows |
| 246 | 1 | 8 | _aStata 11 : getting started with Stata for Windows |
| 250 | _aVersion 11 | ||
| 260 |
_aCollege Station, Tex. : _bStata Press, _cc2009. |
||
| 300 |
_av, 148 p. : _bill. ; _c24 cm. |
||
| 500 | _aIncludes index. | ||
| 650 | 0 | _aStatistics | |
| 650 | 0 | _aStatistics | |
| 650 | 0 | _aSocial sciences | |
| 650 | 0 | _aSocial sciences | |
| 710 | 2 | _aStataCorp LP. | |
| 942 | _cAEDBB | ||
| 999 |
_c22199 _d22199 |
||